Disney Movies by Song - Statistics

General Stats
  • This quiz has been taken 57 times
  • The average score is 140 of 180
Answer Stats
Question Tile Select % Correct
Let it Go Brother Bear No
100%
Let it Go Cinderella No
100%
Let it Go Cinderella: 2015 Live Action Movie No
100%
Let it Go The Lion King No
100%
Let it Go Frozen Yes
96%
Let it Go Frozen 2 No
93%
Be Our Guest Pinocchio No
91%
Be Our Guest Silly Symphony: Cookie Carnival No
91%
Be Our Guest Sword in the Stone No
91%
Be Our Guest The Aristocats No
91%
Be Our Guest Beauty and the Beast Yes
89%
Be Our Guest Dumbo No
89%
Into the Unknown Lady and the Tramp No
89%
Into the Unknown Mary Poppins No
89%
Into the Unknown Sleeping Beauty No
89%
I'll Make a Man Out of You 101 Dalmatians No
87%
You've Got a Friend in Me Bolt No
87%
Prince Ali Hercules No
87%
I'll Make a Man Out of You Inside Out No
87%
You've Got a Friend in Me Inside Out 2 No
87%
Prince Ali Oliver & Company No
87%
Into the Unknown Peter Pan No
87%
I'll Make a Man Out of You Raya and the Last Dragon No
87%
Prince Ali Robin Hood No
87%
Prince Ali Tarzan No
87%
You've Got a Friend in Me The Incredibles No
87%
You've Got a Friend in Me Up No
87%
Into the Unknown Zootopia No
87%
I'll Make a Man Out of You A Goofy Movie No
84%
This Wish Cars No
84%
This Wish Chicken Little No
84%
The Elegant Captain Hook Fantasia No
84%
We Don't Talk About Bruno Finding Nemo No
84%
Into the Unknown Frozen 2 Yes
84%
We Don't Talk About Bruno Lilo & Stitch No
84%
I've Got No Strings Mulan No
84%
The Elegant Captain Hook Peter Pan Yes
84%
The Elegant Captain Hook Pocahontas No
84%
The Elegant Captain Hook Silly Symphony: The Three Little Pigs No
84%
The Elegant Captain Hook Sleeping Beauty No
84%
The Elegant Captain Hook Steamboat Willie No
84%
You've Got a Friend in Me The Emperor's New Groove No
84%
I've Got No Strings The Little Mermain No
84%
We Don't Talk About Bruno Toy Story No
84%
You've Got a Friend in Me Toy Story Yes
84%
We Don't Talk About Bruno Toy Story 2 No
84%
This Wish Wall-E No
84%
This Wish A Bug's Life No
82%
Remember Me Aladdin No
82%
Hakuna Matata Aladdin No
82%
At Last I See the Light Bambi No
82%
Hakuna Matata Beauty and the Beast No
82%
We Don't Talk About Bruno Brave No
82%
I've Got No Strings Cinderella No
82%
At Last I See the Light Dumbo No
82%
We Don't Talk About Bruno Enchanto Yes
82%
Remember Me Enchanto No
82%
At Last I See the Light Frozen No
82%
Do You Want to Build a Snowman Frozen Yes
82%
Do You Want to Build a Snowman Fun and Fancy Free No
82%
Almost There Meet the Robinsons No
82%
Heigh - Ho Mickey's Once Upon a Christmas No
82%
Remember Me Mulan 2 No
82%
I've Got No Strings Peter Pan No
82%
Heigh - Ho Ralph Breaks the Internet No
82%
Do You Want to Build a Snowman Saludos Amigos No
82%
Hakuna Matata Silly Symphony: Santa's Workshop No
82%
At Last I See the Light Snow white and the Seven Dwarfs No
82%
He Lives in You Tangled No
82%
Do You Want to Build a Snowman The Adventures of Ichabod and Mr. Toad No
82%
Almost There The Aristocats No
82%
I've Got No Strings The Jungle Book No
82%
Once Upon a Dream The Lion King No
82%
Hakuna Matata The Lion King Yes
82%
Almost There The Nightmare Before Christmas No
82%
Do You Want to Build a Snowman The Rescuers No
82%
Do You Want to Build a Snowman The Three Caballeros No
82%
Heigh - Ho Winnie the Pooh No
82%
Remember Me Zootopia No
82%
A Spoonful of Sugar 101 Dalmatians No
80%
Once Upon a Dream Aladdin: 2019 Live Action Movie No
80%
Bibbidi-Bobbidi-Boo Alice in Wonderland No
80%
The Bare Necessities Atlantis: The Lost Empire No
80%
Once Upon a Dream Beauty and the Beast: 2017 Live Action Movie No
80%
This Wish Big Hero 6 No
80%
Almost There Brother Bear No
80%
Remember Me Coco Yes
80%
The Bare Necessities Dinosaur No
80%
Bibbidi-Bobbidi-Boo Dumbo No
80%
A Spoonful of Sugar Fantasia No
80%
Remember Me Frozen 2 No
80%
The Bare Necessities Home on the Range No
80%
He Lives in You Inside Out No
80%
Reflection Make Mine Music No
80%
Bibbidi-Bobbidi-Boo Mickey's Christmas Carol No
80%
Heigh - Ho Moana 2 No
80%
Once Upon a Dream Mulan No
80%
I'll Make a Man Out of You Mulan 2 No
80%
Bibbidi-Bobbidi-Boo Peter Pan No
80%
A Spoonful of Sugar Peter Pan No
80%
I've Got No Strings Pinocchio Yes
80%
A Spoonful of Sugar Silly Symphony: The Ugly Duckling No
80%
Hakuna Matata Tangled No
80%
Heigh - Ho The Great Mouse Detective No
80%
Hakuna Matata The Princess and the Frog No
80%
He Lives in You Toy Story No
80%
How Does A Moment Last Forever (Montmartre) Aladdin No
78%
Lavender's Blue (Dilly Dilly) Beauty and the Beast No
78%
Bibbidi-Bobbidi-Boo Cinderella Yes
78%
At Last I See the Light Enchanto No
78%
So This is Love Frozen No
78%
A Spoonful of Sugar Marry Poppins Yes
78%
Once Upon a Dream Mary Poppins No
78%
Reflection Melody Time No
78%
So This is Love Moana No
78%
I'll Make a Man Out of You Mulan Yes
78%
Reflection Raya and the Last Dragon No
78%
Bibbidi-Bobbidi-Boo Silly Symphony: Skeleton Dance No
78%
Heigh - Ho Snow White and the Seven Dwarfs Yes
78%
At Last I See the Light Tangled Yes
78%
The Bare Necessities The Black Cauldron No
78%
He Lives in You The Princess and the Frog No
78%
Lavender's Blue (Dilly Dilly) Toy Story No
78%
Lavender's Blue (Dilly Dilly) Toy Story 2 No
78%
The Bare Necessities Treasure Planet No
78%
This Wish Wish Yes
78%
So This is Love Wreck it Ralph No
78%
Prince Ali Aladdin Yes
76%
Steady as the Beating Drum Cinderella No
76%
Poor Unfortunate Souls Lilo & Stitch No
76%
He Lives in You Melody Time No
76%
A Spoonful of Sugar Melody Time No
76%
Poor Unfortunate Souls Mickey's Twice Upon a Christmas No
76%
Poor Unfortunate Souls Moana No
76%
I Won’t Say (I’m in Love) Oliver & Company No
76%
Lavender's Blue (Dilly Dilly) Ratatouille No
76%
I Won’t Say (I’m in Love) Silly Symphony: The Flying Mouse No
76%
How Does A Moment Last Forever (Montmartre) The Jungle Book No
76%
The Bare Necessities The Jungle Book Yes
76%
So This is Love Wish No
76%
So This is Love Alice in Wonderland No
73%
Poor Unfortunate Souls Fantasia 2000 No
73%
What Made the Red Man Red Monsters Inc. No
73%
Steady as the Beating Drum Pinocchio No
73%
I Won’t Say (I’m in Love) Silly Symphony: Goddess of Spring No
73%
I Won’t Say (I’m in Love) Snow White and the Seven Dwarfs No
73%
Almost There The Hunchback of Notre Dame No
73%
How Does A Moment Last Forever (Montmartre) The Little Mermaid No
73%
Brave Loyal True Aladdin No
71%
Steady as the Beating Drum Brave No
71%
So This is Love Cinderella Yes
71%
Brave Loyal True Frozen No
71%
Steady as the Beating Drum Peter Pan No
71%
Once Upon a Dream Sleeping Beauty Yes
71%
Lavender's Blue (Dilly Dilly) Snow White and the Seven Dwarfs No
71%
Poor Unfortunate Souls Strange World No
71%
I Won’t Say (I’m in Love) The Lion King No
71%
Almost There The Princess and the Frog Yes
71%
Brave Loyal True Beauty and the Beast No
69%
Lavender's Blue (Dilly Dilly) Cinderella: 2015 Live Action Movie Yes
69%
Reflection Pocahontas No
69%
Poor Unfortunate Souls The Little Mermaid Yes
69%
How Does A Moment Last Forever (Montmartre) Beauty and the Beast No
67%
I Won’t Say (I’m in Love) Hercules Yes
67%
He Lives in You The Lion King Yes
67%
What Made the Red Man Red The Many Adventures of Winnie the Pooh No
64%
What Made the Red Man Red The Tigger Movie No
64%
Reflection Mulan Yes
62%
How Does A Moment Last Forever (Montmartre) Mulan: 2020 Live Action Movie No
62%
What Made the Red Man Red Sword in the Stone No
60%
What Made the Red Man Red The Fox and the Hound No
58%
Steady as the Beating Drum Dumbo No
56%
Brave Loyal True Mulan 2 No
51%
Brave Loyal True Mulan No
49%
How Does A Moment Last Forever (Montmartre) Beauty and the Beast: 2017 Live Action Yes
47%
Steady as the Beating Drum Pocahontas Yes
44%
Prince Ali Aladdin: 2019 Live Action Movie Yes
33%
Brave Loyal True Mulan: 2020 Live Action Movie Yes
31%
What Made the Red Man Red Peter Pan Yes
31%
Reflection Mulan: 2020 Live Action Movie Yes
13%
No matching quizzes found
Score Distribution
Percent of People with Each Score
Percentile by Number Answered
Your Score History
You have not taken this quiz